Individuálne vzdelávacie programy v prospech detí so špeciálnymi výchovno-vzdelávacími potrebami

Bibliographic Details
Main Author: Gelányiová, Eva (Author)
Format: Article
Language:Slovak
Subjects:

MARC

LEADER 00000nab a2200000 a 4500
001 vtls000693089
003 SK-MaSNL
005 20260303192958.0
008 140302c1999 xo 0 slo
015 |a SNBRB1999/04-09569 
035 |a CLN000045256 
040 |a SNKBUCL  |b slo  |c SNKBUCL  |e AACR2 
041 0 |a slo 
044 |a xo  |c SK 
080 |a 376.4  |2 1997 
100 1 |a Gelányiová, Eva  |4 aut  |9 231876 
245 1 0 |a Individuálne vzdelávacie programy  |b v prospech detí so špeciálnymi výchovno-vzdelávacími potrebami  |c Eva Gelányiová 
650 0 7 |a deti postihnuté mentálne  |x vyučovanie  |2 snkbucl  |9 1223774 
650 0 7 |a individuálne vzdelávacie programy  |x deti mentálne postihnuté  |2 snkbucl  |9 16093 
655 7 |a články z novín a časopisov  |2 snkbucl  |9 267496 
773 0 |t Učiteľské noviny  |g Roč. 49, č. 14 (1999), s. 4 
850 |a Slovenská národná knižnica v Martine 
852 |a SNK  |b KIS3GCP 
958 |a SK 
992 |a RBX 
999 |c 2149804  |d 2151734